000 00628nam a2200229Ia 4500
003 OSt
005 20221005120925.0
006 a|||||r|||| 00| 0
007 ta
008 221004b |||||||| |||| 00| 0 eng d
024 _a59868
037 _cTextual
040 _aCRL
_cCRL
_beng
041 _2eng
_aeng
082 _aV2:257:N5, K1-;1
100 _aMinattur Joseph
_9629815
245 0 _aFreedom of the press in India
_b Constitutional provisions and their application.
260 _c1961
650 _aHISTORY
942 _hV2:257:N5, K1-;1
_cTEXL
_2cc
999 _c1039552
_d1039552